01166nam a2200289 a 450000100060000000300080000600500170001400800410003102000160007203500190008804000310010704100080013808200280014610000380017424501070021226000640031930000250038350000200040850400300042865000380045865000420049665000350053894200120057399900170058595201380060295201360074042337BD-RjUL20211209053527.0160612s1975 enk b 001 0 eng  a0521208742  a(BD-RjUL)42455 aDLCcDLCdDLCdBD-RjUbeng aeng00a324.20954223bBUS 19752 aMesquita, Bruce Bueno de 913021710aStrategy, risk, and personality in coalition politics :bthe case of India /cBruce Bueno de Mesquita. aCambridge :aNew York ;bCambridge University Press,c1975. aix, 198 p. ;c24 cm. aIncludes index. aBibliography: p. 184-192. 0aPolitical partieszIndia.9130218 0aCoalition governmentszIndia.9130219 0aCoalition governments.9127628 2ddccBK c42337d42337 00102ddc40708NFICaRUCLbRUCLcStackd1980-10-08eNetharlad Sifel0o324.20954 BUS 1975r2016-06-12 00:00:00tC-2w2021-12-09yBK 00102ddc40708NFICaRUCLbRUCLcStackd1982-04-08eHelfag12.00l0o324.20954 BUS 1975r2016-06-19 00:00:00tC-3w2016-06-19yBK